[Event "OMA-chT 6th"]
[Site "Muscat"]
[Date "2023.08.05"]
[Round "4.3"]
[White "Al Amri, Mahad"]
[Black "Al Jahwari, Adnan Mohammed"]
[Result "0-1"]
[WhiteElo "1602"]
[BlackElo "1558"]
[PlyCount "70"]
[EventDate "2023.08.03"]
[EventType "team-swiss"]
[EventRounds "9"]
[EventCountry "OMN"]
[SourceTitle "EXT 2024"]
[Source "ChessBase"]
[SourceDate "2023.10.10"]
[SourceVersion "1"]
[SourceVersionDate "2023.10.10"]
[SourceQuality "1"]
[WhiteTeam "Mirbat"]
[BlackTeam "Masirah White"]
[WhiteTeamCountry "OMN"]
[BlackTeamCountry "OMN"]

1. e4 c5 2. Nf3 d6 3. d4 cxd4 4. Nxd4 Nf6 5. Nc3 g6 6. Be3 Bg7 7. f3 0-0 8. Qd2 Nc6 9. 0-0-0 Bd7 10. h4 h5 11. Nxc6 Bxc6 12. Bc4 a6 13. Bh6 b5 14. Bxg7 Kxg7 15. Bb3 a5 16. g4 Rh8 17. g5 Nd7 18. f4 Rf8 19. Rhf1 b4 20. Nd5 Bb5 21. c4 bxc3 22. Qxc3+ Kh7 23. Bc4 Bxc4 24. Kb1 Bxf1 25. Rxf1 Nc5 26. Qf3 Rb8 27. f5 Qd7 28. Nf4 Qb7 29. Qc3 Na4 30. Qd4 Qxb2+ 31. Qxb2 Rxb2+ 32. Ka1 Rb4 33. Re1 Rfb8 34. Nd5 Rb2 35. Nxe7 Nc3 0-1

[Event "Asia-ch Amateur"]
[Site "Muscat"]
[Date "2022.10.02"]
[Round "5"]
[White "Al Jahwari, Adnan Mohammed"]
[Black "Bagheri, Majjid"]
[Result "0-1"]
[WhiteElo "1546"]
[BlackElo "1870"]
[PlyCount "108"]
[EventDate "2022.09.29"]
[EventType "swiss"]
[EventRounds "9"]
[EventCountry "OMN"]
[SourceTitle "CBM 210 Extra"]
[Source "ChessBase"]
[SourceDate "2022.11.30"]
[SourceVersion "1"]
[SourceVersionDate "2022.11.30"]
[SourceQuality "1"]

1. e4 e5 2. Nf3 Nc6 3. Bc4 Nf6 4. d3 h6 5. a4 a5 6. 0-0 g6 7. Nc3 d6 8. h3 Bg7 9. Be3 0-0 10. Qd2 Kh7 11. Nh2 Ne7 12. f4 exf4 13. Rxf4 g5 14. Rf3 d5 15. exd5 Nfxd5 16. Nxd5 Nxd5 17. c3 Nxe3 18. Qxe3 f5 19. d4 Re8 20. Qd3 Kh8 21. Bb3 Qe7 22. Kf2 Ra6 23. Nf1 f4 24. Bc2 Bf6 25. Nd2 Re6 26. Kg1 Re3 27. Rxe3 Qxe3+ 28. Qxe3 Rxe3 29. Kf2 g4 30. Nc4 Bh4+ 31. Kf1 Re8 32. hxg4 Bxg4 33. Ne5 Bh5 34. Ng6+ Bxg6 35. Bxg6 Re6 36. Bf5 Re3 37. Bg4 Kg7 38. Bf3 b6 39. Rc1 Kf7 40. b4 Ke6 41. bxa5 bxa5 42. c4 Ra3 43. Bd1 Re3 44. Bf3 Ra3 45. Bd1 Rd3 46. d5+ Kd6 47. Ke2 Re3+ 48. Kd2 Be1+ 49. Kc2 Kc5 50. Kb2 Bh4 51. Bg4 Bf6+ 52. Ka2 Rd3 53. Rc2 Kb4 54. Rf2 Ra3+ 0-1

[Event "OMA-ch"]
[Site "Muscat"]
[Date "2022.02.15"]
[Round "7"]
[White "Qatan, Said Mahad"]
[Black "Al Jahwari, Adnan Mohammed"]
[Result "0-1"]
[WhiteElo "1668"]
[BlackElo "1533"]
[PlyCount "86"]
[EventDate "2022.02.10"]
[EventType "swiss"]
[EventRounds "9"]
[EventCountry "OMN"]
[SourceTitle "EXT 2023"]
[Source "ChessBase"]
[SourceDate "2022.10.05"]
[SourceVersion "1"]
[SourceVersionDate "2022.10.05"]
[SourceQuality "1"]

1. e4 c5 2. Nf3 g6 3. h4 h5 4. d4 cxd4 5. Nxd4 d6 6. Nc3 Bg7 7. Bc4 Nc6 8. Be3 Nf6 9. f3 a6 10. Qd2 Bd7 11. 0-0-0 Ne5 12. Bb3 b5 13. Bg5 b4 14. Na4 Qa5 15. Bxf6 Bxf6 16. Ne2 Bxa4 17. Qd5 Qxd5 18. Bxa4+ Qc6 19. Bxc6+ Nxc6 20. Nf4 Rc8 21. Nd5 Bg7 22. Kb1 a5 23. Nb6 Rc7 24. Rd5 0-0 25. g4 hxg4 26. fxg4 Rb8 27. Na4 Nd4 28. Rh2 Rb5 29. h5 Rxd5 30. exd5 gxh5 31. gxh5 Kh7 32. c3 bxc3 33. Nxc3 Nf3 34. Rf2 Bxc3 35. Rxf3 Bf6 36. a3 Rc5 37. Rd3 Kh6 38. Ka2 Kxh5 39. b4 axb4 40. axb4 Rc4 41. Rb3 Rc2+ 42. Ka3 Rc3 43. b5 Rxb3+ 0-1

[Event "OMA-ch"]
[Site "Muscat"]
[Date "2022.02.11"]
[Round "2"]
[White "Al Jahwari, Adnan Mohammed"]
[Black "Al Zadjali, Abdul Rahman"]
[Result "0-1"]
[WhiteElo "1533"]
[BlackElo "1855"]
[PlyCount "60"]
[EventDate "2022.02.10"]
[EventType "swiss"]
[EventRounds "9"]
[EventCountry "OMN"]
[SourceTitle "EXT 2023"]
[Source "ChessBase"]
[SourceDate "2022.10.05"]
[SourceVersion "1"]
[SourceVersionDate "2022.10.05"]
[SourceQuality "1"]

1. b3 e5 2. Bb2 d6 3. e3 Nf6 4. Ne2 g6 5. f4 Nc6 6. fxe5 Nxe5 7. Nf4 Bg7 8. Be2 0-0 9. 0-0 a6 10. h3 Ne4 11. Nc3 Ng3 12. Rf2 f5 13. Rb1 b5 14. d4 Nf7 15. Bf3 Rb8 16. Bd5 Qe8 17. Qf3 Ne4 18. Nxe4 fxe4 19. Bxe4 Ng5 20. Bd5+ Kh8 21. Qe2 c6 22. Bf3 Rb7 23. Re1 Re7 24. Qd2 Rxf4 25. e4 Nxf3+ 26. gxf3 Rh4 27. Ba3 Qd7 28. Kf1 Qxh3+ 29. Ke2 Rhxe4+ 30. fxe4 Bg4+ 0-1

[Event "OMA-ch"]
[Site "Muscat"]
[Date "2019.12.06"]
[Round "6"]
[White "Al Shabibi, Al Yaqdhan"]
[Black "Al Jahwari, Adnan Mohammed"]
[Result "0-1"]
[WhiteElo "1565"]
[BlackElo "1531"]
[PlyCount "143"]
[EventDate "2019.12.02"]
[EventType "swiss"]
[EventRounds "9"]
[EventCountry "OMN"]
[SourceTitle "CBM 195 Extra"]
[Source "ChessBase"]
[SourceDate "2020.05.31"]
[SourceVersion "1"]
[SourceVersionDate "2020.05.31"]
[SourceQuality "1"]

1. e4 c5 2. c3 g6 3. Nf3 Bg7 4. d4 cxd4 5. cxd4 Nc6 6. Nc3 d6 7. d5 Ne5 8. Bf4 Nxf3+ 9. Qxf3 Nf6 10. h3 0-0 11. Be2 Nd7 12. Qe3 Ne5 13. Bh6 f5 14. Bxg7 f4 15. Qd4 Kxg7 16. f3 Bd7 17. 0-0 a6 18. a4 Rf6 19. b4 g5 20. Nd1 Qe8 21. a5 Bb5 22. Bxb5 Qxb5 23. Nb2 Rc8 24. Rac1 Rff8 25. Rc3 Rxc3 26. Qxc3 Kf7 27. Rd1 b6 28. Nd3 Nxd3 29. Rxd3 bxa5 30. bxa5 Rb8 31. Rd2 Qc5+ 32. Qxc5 dxc5 33. e5 Rb5 34. d6 exd6 35. exd6 Ke8 36. d7+ Kd8 37. Rd5 h6 38. g3 fxg3 39. Kg2 Rxa5 40. Kxg3 Rb5 41. Kg4 c4 42. Rd2 c3 43. Rc2 Rc5 44. f4 gxf4 45. Kxf4 Kxd7 46. Ke3 Ke6 47. Ke2 Kf5 48. Kd1 a5 49. Rg2 Ke4 50. Kc2 h5 51. Rg1 Kd4 52. Rg8 Ke3 53. Re8+ Kf3 54. Rg8 a4 55. Rg7 a3 56. Ra7 Kg3 57. Rxa3 Kxh3 58. Ra8 h4 59. Rg8 Kh2 60. Rg7 Rc4 61. Rg6 h3 62. Rg7 Kh1 63. Rh7 h2 64. Rg7 Rf4 65. Rg5 Rf2+ 66. Kxc3 Rg2 67. Rd5 Kg1 68. Rd1+ Kf2 69. Rd2+ Kf3 70. Rd3+ Kg4 71. Rd4+ Kh3 72. Rd3+ 0-1

[Event "OMA-chT"]
[Site "Muscat"]
[Date "2019.07.12"]
[Round "5.1"]
[White "Al Jahwari, Adnan Mohammed"]
[Black "Al Kathiri, Musallam Mustahil"]
[Result "1/2-1/2"]
[WhiteElo "1601"]
[BlackElo "1579"]
[PlyCount "110"]
[EventDate "2019.07.09"]
[EventType "team-swiss"]
[EventRounds "9"]
[EventCountry "OMN"]
[SourceTitle "EXT 2020"]
[Source "ChessBase"]
[SourceDate "2019.10.17"]
[SourceVersion "1"]
[SourceVersionDate "2019.10.17"]
[SourceQuality "1"]
[WhiteTeam "Al Suwaiq"]
[BlackTeam "Al Nasr"]
[WhiteTeamCountry "OMN"]
[BlackTeamCountry "OMN"]

1. e4 g6 2. d4 Bg7 3. Nf3 b6 4. Bd3 Bb7 5. 0-0 e6 6. Bg5 Ne7 7. c3 0-0 8. Qd2 d6 9. Bh6 Nd7 10. Bxg7 Kxg7 11. Qe2 Nf6 12. Nbd2 Qd7 13. h3 Rae8 14. Nh2 e5 15. f4 exf4 16. Rxf4 Nfg8 17. Qf2 f6 18. Rf1 Rf7 19. Ng4 Ref8 20. Qg3 f5 21. Ne3 fxe4 22. Bxe4 d5 23. Bd3 Nf6 24. Nf3 Nh5 25. Rxf7+ Rxf7 26. Qe5+ Kg8 27. Ng5 Rxf1+ 28. Kxf1 Nf5 29. Nxf5 gxf5 30. Kf2 Bc8 31. Be2 Ng7 32. g4 Qd8 33. Qf4 h6 34. Nf3 fxg4 35. hxg4 Qe7 36. Qxh6 Bxg4 37. Ne5 Bxe2 38. Kxe2 c5 39. Kd3 c4+ 40. Kd2 Qf8 41. Ke2 Qf5 42. Qe3 Nh5 43. Nc6 Nf4+ 44. Kd2 Kg7 45. Qe5+ Qxe5 46. dxe5 Kf7 47. Ke3 Ng6 48. Kd4 Nf4 49. Nxa7 Ke6 50. Nc6 Ne2+ 51. Ke3 Nc1 52. a3 Nd3 53. b3 Nxe5 54. Nxe5 Kxe5 55. bxc4 dxc4 1/2-1/2